| 000 | 00464nam a22001457a 4500 | ||
|---|---|---|---|
| 005 | 20250703165022.0 | ||
| 008 | 250703b |||||||| |||| 00| 0 eng d | ||
| 020 | _a1565631552 | ||
| 050 |
_aBS2375 _bDEI |
||
| 100 | _aA DOLF DEISSMANN | ||
| 245 |
_aLIGHT FROM THE ANCIENT EAST; _bTHE NEW TESTAMENT ILLUSTRATED BY RECENTLY DISCOVERED TEXTS OF THE GRAECO |
||
| 260 |
_aMASSACHUSETTS _bHENDRICKSON PUBLISHERS, INC. _c1995 |
||
| 300 | _axxxii, 535p | ||
| 942 |
_2lcc _cBK _n0 |
||
| 999 |
_c6841 _d6841 |
||